Java in a nutshell: A desktop quick reference (Record no. 184874)
[ view plain ]
| 000 -LEADER | |
|---|---|
| fixed length control field | 00413nam a2200157Ia 4500 |
| 005 - DATE AND TIME OF LATEST TRANSACTION | |
| control field | 20250324113423.0 |
| 008 - FIXED-LENGTH DATA ELEMENTS--GENERAL INFORMATION | |
| fixed length control field | 231217s9999 xx 000 0 und d |
| 020 ## - INTERNATIONAL STANDARD BOOK NUMBER | |
| International Standard Book Number | 9788184042665 |
| 082 ## - DEWEY DECIMAL CLASSIFICATION NUMBER | |
| Classification number | 001.6424JAV FLA;2 R |
| 100 ## - MAIN ENTRY--PERSONAL NAME | |
| Personal name | Flanagan, David. |
| 245 #0 - TITLE STATEMENT | |
| Title | Java in a nutshell: A desktop quick reference |
| 250 ## - EDITION STATEMENT | |
| Edition statement | 5th ed. |
| 260 ## - PUBLICATION, DISTRIBUTION, ETC. (IMPRINT) | |
| Date of publication, distribution, etc. | 2005 |
| Name of publisher, distributor, etc. | Shroff |
| Place of publication, distribution, etc. | Mumbai |
| 300 ## - PHYSICAL DESCRIPTION | |
| Extent | xxiv, 1224+15 |
| 942 ## - ADDED ENTRY ELEMENTS (KOHA) | |
| Koha item type | Books |
| Date last seen | Total Checkouts | Full call number | Accession number | Old discount | Uniform Resource Identifier | Cost, replacement price | Price effective from | Category | Lost status | Damaged status | Department | Withdrawn status | bill no. | bill date | Permanent Location | Current Location | Shelving location | Entry date | Vendor | Cost, normal purchase price | Grants | Currency symbol | Conversion rate | Discount | Discount type |
|---|---|---|---|---|---|---|---|---|---|---|---|---|---|---|---|---|---|---|---|---|---|---|---|---|---|
| 26/01/2024 | 001.6424JAV FLA;2 R | 57676 | 25 | digital/contents/59741.pdf | 487.50 | 26/01/2024 | Books | CS | 11 | 17/10/2013 | Central Library | Central Library | Central Library | 23/12/2009 | Sapna Book House | 650.00 | CS | RS | 1 | 162.5 | Rupees | ||||
| 26/01/2024 | 001.6424JAV FLA;3 R1 | 59741 | 25 | digital/contents/59741.pdf | 487.50 | 26/01/2024 | Books | CS | SBH/CRB/000076 | 03/09/2014 | Central Library | Central Library | Central Library | 18/06/2010 | Sapna Book House | 650.00 | CS | RS | 1 | 162.5 | Rupees |
